[Event "Challenge"]
[Site "http://www.queenalice.com/game.php?id=1133496"]
[Date "2012.12.22"]
[Round "-"]
[White "Pawngal"]
[Black "MikeJK"]
[Result "0-1"]
[WhiteElo "1412"]
[BlackElo "1238"]

1. e4 c5 2. Nf3 b6 3. Bb5 Nf6 4. Nc3 Bb7 5. d3 h5 6. O-O Rh6 7. Be3 Rg6 8. Ne5
e6 9. Nxg6 fxg6 10. a3 Qc7 11. a4 Ng4 12. b3 Qxh2# 0-1

[Event "Challenge"]
[Site "http://www.queenalice.com/game.php?id=1133571"]
[Date "2012.12.22"]
[Round "-"]
[White "Pawngal"]
[Black "cdare"]
[Result "0-1"]
[WhiteElo "1390"]
[BlackElo "1851"]

1. e4 e5 2. Nf3 Nc6 3. Bc4 Bc5 4. O-O Nf6 5. Nc3 d6 6. d3 h6 7. Be3 Bxe3 8. fxe3
O-O 9. a3 Bg4 10. b4 a6 11. Nd5 Nxd5 12. Bxd5 Qe8 13. c3 Rb8 14. a4 Ne7 15. b5
Nxd5 16. exd5 a5 17. d4 e4 18. h3 exf3 19. hxg4 Qxe3+ 20. Kh1 fxg2+ 21. Kxg2
Qxc3 22. Rf3 Qc4 23. Rf4 Qxd5+ 24. Kg3 Rfe8 25. Kh4 Qg5+ 26. Kg3 b6 27. Qf1 Re3+
28. Rf3 Rbe8 29. Rxe3 Qxe3+ 30. Kg2 Qxd4 31. Re1 Qxg4+ 32. Kh1 Re4 33. Rxe4
Qxe4+ 34. Kg1 Qxa4 35. Kg2 d5 36. Kg3 d4 37. Qf5 Qb3+ 38. Kf4 Qe3+ 39. Kg4 Qg5+
40. Qxg5 hxg5 41. Kxg5 d3 42. Kf5 d2 43. Ke5 d1=Q 44. Kf5 Qe2 45. Kg5 Qf3 46.
Kh4 Kh7 47. Kg5 f6+ 48. Kh4 g5# 0-1

[Event "Challenge"]
[Site "http://www.queenalice.com/game.php?id=1135767"]
[Date "2012.12.30"]
[Round "-"]
[White "cdare"]
[Black "Pawngal"]
[Result "1-0"]
[WhiteElo "1791"]
[BlackElo "1396"]

1. e4 e5 2. Nf3 Nc6 3. Nc3 Nf6 4. Bc4 Bb4 5. d3 O-O 6. Bd2 d6 7. h3 Be6 8. Bxe6
fxe6 9. O-O Nd4 10. Nxd4 exd4 11. Ne2 e5 12. Bxb4 c5 13. Bd2 a6 14. Ng3 b5 15.
b3 a5 16. Qc1 c4 17. Bg5 cxd3 18. cxd3 b4 19. Nh5 h6 20. Nxf6+ gxf6 21. Bxh6 Re8
22. f4 a4 23. f5 axb3 24. axb3 Rxa1 25. Qxa1 Kh7 26. Bd2 Qd7 27. Qe1 Rb8 28. Rf3
Kg7 29. Qh4 Rc8 30. Qh6+ Kf7 31. Rg3 Qc6 32. Bxb4 Rb8 33. Rg7+ Kf8 34. Qh8# 1-0

[Event "Challenge"]
[Site "http://www.queenalice.com/game.php?id=1172979"]
[Date "2013.4.18"]
[Round "-"]
[White "Wigmont"]
[Black "Pawngal"]
[Result "1-0"]
[WhiteElo "1498"]
[BlackElo "1388"]

1. e4 e5 2. Nc3 Nf6 3. d3 Bd6 4. Nf3 O-O 5. b3 Nc6 6. Ng5 b6 7. a4 Bb4 8. Bd2
Nd4 9. Nd5 Nxd5 10. exd5 a5 11. c3 Bxc3 12. Bxc3 Qxg5 13. Bd2 Qf5 14. Be2 Nxe2
15. Qxe2 d6 16. O-O h6 17. Qe3 Rb8 18. Qg3 g5 19. Rac1 e4 20. Bc3 exd3 21. Rfe1
Bb7 22. h4 Bxd5 23. Qe3 Bxg2 24. Qd4 f6 25. Qc4+ d5 26. Qxc7 Qg4 27. Bxf6 Bh3+
28. Kh2 Qf4+ 29. Kxh3 Qxf6 30. Re7 g4+ 31. Kg3 Qf3+ 32. Kh2 Qh3+ 33. Kg1 g3 34.
Rg7+ Kh8 35. Rh7+ Kg8 36. Qg7# 1-0

[Event "Challenge"]
[Site "http://www.queenalice.com/game.php?id=1172980"]
[Date "2013.4.18"]
[Round "-"]
[White "Wigmont"]
[Black "Pawngal"]
[Result "1-0"]
[WhiteElo "1529"]
[BlackElo "1401"]

1. e4 e5 2. d3 Nf6 3. Nf3 Nc6 4. Be3 g6 5. Nc3 Bg7 6. a3 O-O 7. g3 d6 8. Ng5 Be6
9. h4 Ng4 10. d4 exd4 11. h5 Nxe3 12. fxe3 dxc3 13. hxg6 fxg6 14. Nxe6 Qc8 15.
Qd5 Kh8 16. Bc4 Ne5 17. Qd4 Rg8 18. Ng5 Nf3+ 19. Nxf3 Bxd4 20. Nxd4 Rf8 21. bxc3
c6 22. Ne6 Rf3 23. Ng5 Rxe3+ 24. Kd2 Kg7 25. Raf1 Kh8 26. Rxh7# 1-0

[Event "Challenge"]
[Site "http://www.queenalice.com/game.php?id=1199283"]
[Date "2013.7.12"]
[Round "-"]
[White "cdare"]
[Black "Pawngal"]
[Result "1-0"]
[WhiteElo "1815"]
[BlackElo "1390"]

1. e4 e5 2. Nf3 Nc6 3. Nc3 Nf6 4. Bc4 d6 5. h3 Be6 6. Bxe6 fxe6 7. d3 Be7 8. O-O
O-O 9. Be3 a6 10. Ng5 b5 11. Nxe6 Qc8 12. Nxf8 Qxf8 13. a3 Nd4 14. Bxd4 exd4 15.
Ne2 c5 16. f4 b4 17. axb4 cxb4 18. Nxd4 h6 19. e5 dxe5 20. fxe5 Bc5 21. exf6
gxf6 22. Qg4+ Kh7 23. Kh1 Rd8 24. Ne6 Qg8 25. Qf5+ Qg6 26. Qxc5 h5 27. Nxd8 Kh6
28. Qd6 h4 29. Rxf6 Qxf6 30. Qxf6+ Kh5 31. Nf7 a5 32. Qg5# 1-0

[Event "Challenge"]
[Site "http://www.queenalice.com/game.php?id=1204831"]
[Date "2013.8.3"]
[Round "-"]
[White "Pawngal"]
[Black "cdare"]
[Result "0-1"]
[WhiteElo "1388"]
[BlackElo "1806"]

1. e4 e5 2. Nf3 Nc6 3. Bc4 Bc5 4. O-O Nf6 5. Nc3 d6 6. d3 h6 7. Be3 Bxe3 8. fxe3
O-O 9. a3 a6 10. b4 Bg4 11. Nd5 Nxd5 12. Bxd5 Qe8 13. c3 Rb8 14. a4 Ne7 15. b5
Nxd5 16. exd5 a5 17. d4 e4 18. h3 Bxf3 19. gxf3 exf3 20. Qxf3 b6 21. e4 Qe7 22.
e5 dxe5 23. dxe5 Qxe5 24. c4 Qd4+ 25. Kg2 Qxc4 26. Rfd1 Rbc8 27. d6 cxd6 28.
Rxd6 Qb4 29. Rxb6 Qb2+ 30. Kg3 Rc3 31. Qxc3 Qxc3+ 32. Kg4 Qxa1 33. Ra6 Qxa4+ 34.
Kf5 Qxb5+ 35. Kg4 Qxa6 36. h4 Qf1 37. h5 f5+ 38. Kh4 Re8 39. Kg3 Re3+ 40. Kh4
Qh3# 0-1

[Event "Challenge"]
[Site "http://www.queenalice.com/game.php?id=1208973"]
[Date "2013.8.17"]
[Round "-"]
[White "Pawngal"]
[Black "Aspayne"]
[Result "1/2-1/2"]
[WhiteElo "1376"]
[BlackElo "2020"]

1. e4 Nf6 2. Nc3 d5 3. e5 Ne4 4. Nxe4 dxe4 5. Qe2 Bf5 6. d3 exd3 7. cxd3 Nc6 8.
Nf3 e6 9. Bf4 Bb4+ 10. Kd1 Qd7 11. a3 Be7 12. g3 O-O-O 13. Rc1 Bxd3 1/2-1/2

[Event "Challenge"]
[Site "http://www.queenalice.com/game.php?id=1264848"]
[Date "2014.3.14"]
[Round "-"]
[White "Pawngal"]
[Black "CalJedBuddy"]
[Result "0-1"]
[WhiteElo "1386"]
[BlackElo "1310"]

1. e4 e5 2. Nf3 Nc6 3. Nc3 d6 4. Bc4 Be6 5. d3 Qd7 6. Be3 Bg4 7. O-O f5 8. exf5
Qxf5 9. a3 g5 10. Nd5 O-O-O 11. b3 Nf6 0-1

[Event "Challenge"]
[Site "http://www.queenalice.com/game.php?id=1270311"]
[Date "2014.4.4"]
[Round "-"]
[White "Pawngal"]
[Black "cdare"]
[Result "0-1"]
[WhiteElo "1410"]
[BlackElo "1816"]

1. e4 e5 2. Nf3 Nc6 3. Bb5 Nge7 4. Nc3 d6 5. O-O Bd7 6. d3 h6 7. Be3 g6 8. a3
Bg7 9. Nd5 O-O 10. c3 Nxd5 11. exd5 Ne7 12. a4 Nxd5 13. c4 Nxe3 14. fxe3 Bxb5
15. axb5 Qd7 16. b3 h5 17. Nh4 Qe7 18. Nf3 Bh6 19. e4 Qe6 20. b4 f5 21. exf5
Qxf5 22. c5 Be3+ 23. Kh1 Qf4 24. cxd6 cxd6 25. b6 Bxb6 26. b5 Rac8 27. d4 exd4
28. Qb3+ Kg7 29. Rad1 Rc3 30. Qe6 d3 31. Qd7+ Kh6 32. Qxb7 g5 33. Qe7 g4 34. Nh4
Qxf1+ 35. Rxf1 Rxf1# 0-1

[Event "Challenge"]
[Site "http://www.queenalice.com/game.php?id=1307599"]
[Date "2014.9.11"]
[Round "-"]
[White "cdare"]
[Black "Pawngal"]
[Result "1-0"]
[WhiteElo "1833"]
[BlackElo "1396"]

1. e4 e5 2. Nf3 Nc6 3. Nc3 Nf6 4. Bc4 Bc5 5. d3 O-O 6. O-O d6 7. h3 Be6 8. Bxe6
fxe6 9. Qe1 a6 10. Be3 b6 11. Bxc5 dxc5 12. a3 b5 13. Ng5 Nd4 14. Qd1 b4 15.
Nxe6 Qc8 16. Nxf8 Qxf8 17. Ne2 Nxe2+ 18. Qxe2 c6 19. Qd2 bxa3 20. b3 a5 21. Rxa3
h6 22. Rxa5 Rxa5 23. Qxa5 Kh7 24. Qc7 h5 25. Qxc6 h4 26. f4 exf4 27. Rxf4 Qf7
28. e5 Qa7 29. Rxh4+ Kg8 30. exf6 gxf6 31. c4 Qa1+ 32. Kf2 Qb2+ 33. Kf3 Qxb3 34.
Qd5+ Kg7 35. Rg4+ Kh6 36. Ke4 Qd1 37. Qf5 Qe2+ 38. Kd5 Qe5+ 39. Qxe5 fxe5 40.
Kxc5 e4 41. dxe4 Kh5 42. e5 Kh6 43. e6 Kh5 44. e7 Kh6 45. e8=Q Kh7 46. Qh5# 1-0

[Event "Challenge"]
[Site "http://www.queenalice.com/game.php?id=1357443"]
[Date "2015.5.5"]
[Round "-"]
[White "serard1"]
[Black "Pawngal"]
[Result "1-0"]
[WhiteElo "1492"]
[BlackElo "1394"]

1. e3 e5 2. d3 Nf6 3. Nc3 Bc5 4. f3 O-O 5. h4 Nc6 6. a3 d6 7. g4 Be6 8. b4 Bb6
9. b5 Na5 10. e4 Bxg1 11. Rxg1 a6 12. g5 1-0